Celebrity Families - Statistics

General Stats
  • This quiz has been taken 1,354 times
  • The average score is 12 of 22
Answer Stats
Hint Answer % Correct
Will, Jada, Jayden, & Willow Smith
97%
Brad, Angelina, Maddox, Pax, Zahara, Shiloh, Vivienne, & Know Jolie-Pitt
96%
Kris, Bruce, Kourtney, Kim, Khloe, Rob, Brandon, Brody, Kendall, & Kylie Kardashian / Jenner
91%
David, Victoria, Brooklyn, Cruz, Romeo, & Harper Beckham
88%
Billy Ray, Trish, Brandi, Miley, & Braison Cyrus
85%
Joseph, Katherine, Rebbie, Jackie, Tito, Jermaine, LaToya, Marlon, Michael, Randy, & Janet Jackson
75%
Ozzy, Sharon, Aimee, Jack, & Kelly Osbourne
74%
John, Yoko, Julian, & Sean Lennon
64%
Ben, Jennifer, Violet, Seraphina, & Samuel Affleck
61%
Don, Meryl, Henry, Mamie, Grace, & Louisa Gummer / Streep
60%
Kit, Macauley, Kieran, Dakota, Rory, Shane, Christian, & Quinn Culkin
55%
Martin, Janet, Charlie, Emilio, Ramon, & Renee Sheen / Estevez
48%
Henry, Jane, & Peter Fonda
43%
Bob, Ziggy, Julian, Ky-Mani, Stephen, Damian, & Rohan Marley
42%
Lewis, Patricia, Rosanna, Alexis, David, & Richmond Arquette
33%
Damon, Dwayne, Elvira, Keenen Ivory, Kim, Marlon, Nadia, & Shawn Wayans
33%
Naomi, Wynonna, & Ashley Judd
31%
Matthew, Camilla, Levi, Vera, & Livingston McConaughey
30%
Gavin, Gwen, Zuma, & Kingston Rossdale
26%
Jim-Bob, Michelle, Joshua, Jana, John-David, Jill, Jessa, Jinger, Joseph, Josiah, Joy-Anna, Jedidiah, Jeremiah, Jason, James, Justin, Jackson, Johannah, Jennifer, Jordyn-Grace, & Josie Duggar
24%
Frank, Moon Unit, Dweezil, Ahmet, & Diva Zappa
24%
Jon, Kate, Cara, Madelyn, Alexis, Hannah, Aaden, Collin, Leah, & Joel Gosselin
14%
No matching quizzes found
Score Distribution
Percent of People with Each Score
Percentile by Number Answered
Your Score History
You have not taken this quiz